| 000 | 01555nam0a2200349 i 4500 | ||
|---|---|---|---|
| 001 | RU\NLR\BIBL_A\010950512 | ||
| 005 | 20241102120038.0 | ||
| 010 |
_a9785891601062 _9500 |
||
| 021 |
_aRU _b2015-97728 _96077 |
||
| 035 | _a(NILC)RuMoRGB-008100450 | ||
| 035 | _a(NLR Aleph) 010950512 | ||
| 090 |
_a10778463 _c10778463 |
||
| 100 | _a20160113d2015 k y0rusy50 ca | ||
| 101 | 0 |
_arus _deng |
|
| 102 | _aRU | ||
| 105 | _aa|||z|||000yy | ||
| 200 | 1 |
_aЭкологические (биотропные) особенности миллиметрового диапазона _fО.П. Резункова _gФедер. агентство связи, Федер. гос. образоват. бюджет. учреждение высш. проф. образования "С.-Петерб. гос. ун-т телекоммуникаций им. проф. М.А. Бонч-Бруевича" |
|
| 210 |
_aСанкт-Петербург _cСПбГУТ _d2015 |
||
| 215 |
_a171, [1] с. _cил. _d21 |
||
| 300 | _aРез. на англ. яз. | ||
| 320 | _aБиблиогр.: с. 163-172 | ||
| 606 |
_aМиллиметровые волны _xБиологическое действие _91454453 _3RU\NLR\AUTH\66306734 |
||
| 606 | 1 |
_aКВЧ-терапия _91897467 _3RU\NLR\AUTH\661153615 |
|
| 675 | _a577 | ||
| 686 | 1 | _aЕ071.253 | |
| 686 | 1 | _aР354.26 | |
| 700 | 1 |
_aРезункова _bО. П. _gОльга Петровна |
|
| 801 | 0 |
_aRU _bРГБ _c20151221 _gRCR |
|
| 942 | _cBOOK | ||
| 980 | _aNBR | ||